| 000 | 00325nam a2200121Ia 4500 | ||
|---|---|---|---|
| 008 | 190216s9999||||xx |||||||||||||| ||und|| | ||
| 100 | _aMohammad Mohsin & Khan Masood Ahmed | ||
| 245 | 0 | _aCorporation Finance | |
| 260 |
_bTata Mcgraw Hill Publishing Company Ltd _c1980 |
||
| 300 | _a403p | ||
| 650 | _aCommerce | ||
| 942 | _cBK | ||
| 999 |
_c4830 _d4830 |
||